000 00318nam a2200157Ia 4500
100 _aModule H4
650 _aElectrical Engineering
942 _cBK
654 _aMilling I
245 _aMilling I
260 _bE.I.T.B
_aEngland
_c1981
082 _a621
_bITB
300 _a147
546 _aENGLISH
999 _c24332
_d24332